[Event "Treviso TWE op-B 31st"]
[Site "Treviso"]
[Date "2007.12.08"]
[Round "3.3"]
[White "Marson, Antonio"]
[Black "Bortoletti, Filippo"]
[Result "1/2-1/2"]
[WhiteElo "1823"]
[BlackElo "1440"]
[PlyCount "26"]
[EventDate "2007.12.07"]
[EventType "swiss"]
[EventRounds "5"]
[EventCountry "ITA"]
[SourceTitle "EXT 2024"]
[Source "ChessBase"]
[SourceDate "2023.10.10"]
[SourceVersion "1"]
[SourceVersionDate "2023.10.10"]
[SourceQuality "1"]

1. d4 Nf6 2. Bf4 e6 3. e3 d5 4. Nf3 c5 5. c3 Nc6 6. Nbd2 cxd4 7. exd4 Be7 8. h3 0-0 9. Ne5 Nxe5 10. Bxe5 Bd6 11. Nf3 Bxe5 12. Nxe5 Nd7 13. Nxd7 Bxd7 1/2-1/2